EU energy tax framework agreed (Record no. 72671)
[ view plain ]
| 000 -LEADER | |
|---|---|
| fixed length control field | 01037cam a2200217 4500 |
| 001 - CONTROL NUMBER | |
| control field | WB3918-07 |
| 008 - FIXED-LENGTH DATA ELEMENTS--GENERAL INFORMATION | |
| fixed length control field | 030515n2003 000 0 eng u |
| 035 ## - SYSTEM CONTROL NUMBER | |
| System control number | (Sirsi) u122273 |
| 245 ## - TITLE STATEMENT | |
| Title | EU energy tax framework agreed |
| 260 ## - PUBLICATION, DISTRIBUTION, ETC. | |
| Date of publication, distribution, etc. | 2003 |
| 490 ## - SERIES STATEMENT | |
| Series statement | Environment Information Bulletin |
| Volume/sequential designation | (129) May 2003, 1(1) |
| 520 ## - SUMMARY, ETC. | |
| Summary, etc. | Six years after the initial proposal the, terms of an EU energy taxation directive have finally been agreed. The directive will come into force on 1 January 2004 and will expand the minimum rate system to include products such as coal, gas and electricity, as well as updating the minimum rates for minerals oils. However, the European Environmental Bureau warns the directive is so watered down it will have little impact on energy prices and consumption. |
| 590 ## - LOCAL NOTE (RLIN) | |
| Local note | WB |
| 650 ## - SUBJECT ADDED ENTRY--TOPICAL TERM | |
| Topical term or geographic name entry element | ENERGY TAXATION |
| 650 ## - SUBJECT ADDED ENTRY--TOPICAL TERM | |
| Topical term or geographic name entry element | EC DIRECTIVES |
| 650 ## - SUBJECT ADDED ENTRY--TOPICAL TERM | |
| Topical term or geographic name entry element | EUROPE |
| 650 ## - SUBJECT ADDED ENTRY--TOPICAL TERM | |
| Topical term or geographic name entry element | ENERGY CONSUMPTION |
| 650 ## - SUBJECT ADDED ENTRY--TOPICAL TERM | |
| Topical term or geographic name entry element | DRAFT ENERGY TAXATION DIRECTIVE |
| 690 ## - LOCAL SUBJECT ADDED ENTRY--TOPICAL TERM (OCLC, RLIN) | |
| Topical term or geographic name as entry element | ENVIRONMENTAL AND LAND CONSULTANCY-ENERGY |
| 942 ## - ADDED ENTRY ELEMENTS (KOHA) | |
| Suppress in OPAC | 0 |
| Withdrawn status | Lost status | Source of classification or shelving scheme | Damaged status | Not for loan | Home library | Current library | Shelving location | Date acquired | Total Checkouts | Full call number | Barcode | Date last seen | Copy number | Price effective from | Koha item type |
|---|---|---|---|---|---|---|---|---|---|---|---|---|---|---|---|
| Dewey Decimal Classification | London | London | News article | 15/05/2003 | WB3918-07 | 122273-1001 | 06/08/2019 | 1 | 06/08/2019 | News article |